Resiliencia en el aula: un camino posible

Saved in:
Bibliografiske detaljer
Hovedforfatter: Simpson, María Gabriela (Author)
Format: Bog
Sprog:spansk
Udgivet: Buenos Aires Bonum 2011
Udgivelse:4a. ed
Fag:
Tags: Tilføj Tag
Ingen Tags, Vær først til at tagge denne postø!

MARC

LEADER 00000cam a2200000 a 4500
001 UCF9178
003 CL-VaPUC
008 131025e20110300ag |||||||||||||||||spa|d
020 |a 9789505078295 
082 0 4 |a 371.46  |b SIM  |2 21 
100 0 |a Simpson, María Gabriela  |e author  |9 571418 
245 1 0 |a Resiliencia en el aula: un camino posible 
250 |a 4a. ed 
300 |a 112 p 
942 |c BK 
945 |d 20131025 12:28:00  |a dcastane 
260 |a Buenos Aires  |b Bonum  |c 2011 
650 0 |a Resiliencia  |9 484834 
650 0 |a Sociología de la educación   |9 260380 
650 0 |a Trabajo social   |9 307856 
650 0 |a Niños  |9 255605 
650 0 |a Problemas sociales  |9 258537 
583 |a last modification  |c 20131025 12:28:00  |k Rodrigo Vera 
999 |c 353662  |d 353660 
952 |0 0  |1 0  |3 erb  |4 0  |6 371_460000000000000_SIM_2011  |7 0  |8 A  |9 459009  |a BIBTEO  |b BIBTEO  |d 2019-11-23  |i 5023238  |o 371.46 SIM 2011  |p 5023238  |r 2025-01-17  |w 2019-11-23  |y BK  |z Catalogado en:20131025  |k ICR